Introduction to EEG-and speech-based emotion recognition (Record no. 6776)

MARC details
000 -LEADER
fixed length control field 00834nam a22002657a 4500
003 - CONTROL NUMBER IDENTIFIER
control field OSt
005 - DATE AND TIME OF LATEST TRANSACTION
control field 20220107122859.0
008 - FIXED-LENGTH DATA ELEMENTS--GENERAL INFORMATION
fixed length control field 200702b xxu||||| |||| 00| 0 eng d
020 ## - INTERNATIONAL STANDARD BOOK NUMBER
International Standard Book Number 9780128044902
040 ## - CATALOGING SOURCE
Transcribing agency IIITMK
082 ## - DEWEY DECIMAL CLASSIFICATION NUMBER
Classification number 006.454 ABH/I
100 ## - MAIN ENTRY--PERSONAL NAME
Personal name Abhang, Priyanka A.
9 (RLIN) 18038
245 ## - TITLE STATEMENT
Title Introduction to EEG-and speech-based emotion recognition
Statement of responsibility, etc. Priyanka A. Abang, Bharti W. Gawali, Suresh C. Mehrotra
260 ## - PUBLICATION, DISTRIBUTION, ETC.
Place of publication, distribution, etc. UK,
Name of publisher, distributor, etc. Academic Press,
Date of publication, distribution, etc. 2016.
300 ## - PHYSICAL DESCRIPTION
Extent viii, 187p.
650 ## - SUBJECT ADDED ENTRY--TOPICAL TERM
Topical term or geographic name entry element COMPUTER SCIENCE
9 (RLIN) 18176
650 ## - SUBJECT ADDED ENTRY--TOPICAL TERM
Topical term or geographic name entry element PATTERN RECOGNITION
9 (RLIN) 18177
650 ## - SUBJECT ADDED ENTRY--TOPICAL TERM
Topical term or geographic name entry element SPEECH RECOGNITION
9 (RLIN) 18178
650 ## - SUBJECT ADDED ENTRY--TOPICAL TERM
Topical term or geographic name entry element SPEECH EMOTION RECOGNITION
9 (RLIN) 18179
650 ## - SUBJECT ADDED ENTRY--TOPICAL TERM
Topical term or geographic name entry element EMOTION RECOGNITION
9 (RLIN) 18180
650 ## - SUBJECT ADDED ENTRY--TOPICAL TERM
Topical term or geographic name entry element EEG
9 (RLIN) 18181
700 ## - ADDED ENTRY--PERSONAL NAME
Personal name Gawali, Bharti W.
9 (RLIN) 18039
700 ## - ADDED ENTRY--PERSONAL NAME
Personal name Mehrotra, Suresh C.
9 (RLIN) 18040
942 ## - ADDED ENTRY ELEMENTS (KOHA)
Source of classification or shelving scheme Dewey Decimal Classification
Koha item type Books
Holdings
Withdrawn status Lost status Source of classification or shelving scheme Damaged status Not for loan Collection code Home library Current library Shelving location Date acquired Cost, normal purchase price Total Checkouts Total Renewals Full call number Barcode Date due Date last seen Date last checked out Price effective from Koha item type
    Dewey Decimal Classification     Speech & Language Processing Kerala University of Digital Sciences, Innovation and Technology Knowledge Centre Kerala University of Digital Sciences, Innovation and Technology Knowledge Centre Computer Science 02/07/2020 5254.00 6 1 006.454 ABH/I 5698 13/04/2026 30/03/2026 30/03/2026 02/07/2020 Books